An Evaluation of the Centrally Aided Scheme for the Destitute Children in Rajasthan (Record no. 1451569)

MARC details
000 -LEADER
fixed length control field 00643nam a2200193Ia 4500
005 - DATE AND TIME OF LATEST TRANSACTION
control field 20250923145445.0
008 - FIXED-LENGTH DATA ELEMENTS--GENERAL INFORMATION
fixed length control field 008 250917s9999 xx 000 0 eng d
037 ## - SOURCE OF ACQUISITION
Stock number Textual
040 ## - CATALOGING SOURCE
Original cataloging agency DSWL
Language of cataloging eng
Transcribing agency DSWL
041 ## - LANGUAGE CODE
Language code of text/sound track or separate title eng
Source of code eng
084 ## - COLON CLASSIFICATION NUMBER
Classification number YX,Z1-z4;237' N7t, N77
Assigning agency DSWL
245 #3 - TITLE STATEMENT
Title An Evaluation of the Centrally Aided Scheme for the Destitute Children in Rajasthan
Statement of responsibility, etc. by Ministry of Education and social welfare
260 ## - PUBLICATION, DISTRIBUTION, ETC.
Place of publication, distribution, etc. Udaipur
Name of publisher, distributor, etc. U. School of Social Work
Date of publication, distribution, etc. 1977
300 ## - PHYSICAL DESCRIPTION
Extent ii,67 p.
365 ## - TRADE PRICE
Price type code INR
Price amount 20
925 ## -
-- 20
942 ## - ADDED ENTRY ELEMENTS (KOHA)
Koha item type Textual
Classification part YX,Z1-z4;237' N7t, N77
Holdings
Withdrawn status Lost status Damaged status Not for loan Home library Current library Date acquired Source of acquisition Inventory number Total Checkouts Full call number Barcode Date last seen Price effective from Koha item type
        Department of Social Work Library Department of Social Work Library 2025-09-23 Through : The Publishers 78-79/1019 12/08/1978   YX,Z1-z4;237' N7t, N77 SW0018970 2025-09-23 2025-09-23 Textual
Copyright @ Delhi University Library System